000
00288nam a22001217a 4500
003
NUST - PNEC
005
20170116181145.0
008
151012b xxu||||| |||| 00| 0 eng d
040
_c
LIBRARY
100
_9
14967
_a
Noor Muhammad
245
_a
Test_Title
_c
Noor Muhammad
942
_2
ddc
_c
BK
999
_c
70685
_d
70685